En la ciudad de El Tocuyo 1545-1600

Tallennettuna:
Bibliografiset tiedot
Päätekijä: Avellán de Tamayo, Nieves (Tekijä)
Aineistotyyppi: Kirja
Kieli:espanja
Julkaistu: Caracas Academia Nacional de la Historia 1997
Sarja:Biblioteca de la Academia Nacional de la Historia, 232-233
Aiheet:
Tagit: Lisää tagi
Ei tageja, Lisää ensimmäinen tagi!

MARC

LEADER 00000nam a2200000 a 4500
001 UCQ6800
003 CL-VaPUC
008 981023e19970000VE |||||||||||||||||spa|d
082 0 4 |a 987.25  |b AVE  |2 21 
100 0 |a Avellán de Tamayo, Nieves  |e author  |9 420720 
245 1 0 |a En la ciudad de El Tocuyo 1545-1600 
300 |a 2 v 
942 |c BK 
945 |d 19981023 00:00:00  |a mvenant 
260 |a Caracas  |b Academia Nacional de la Historia  |c 1997 
650 7 |a HISTORIA SIGLO 16  |2 CL-VaPUC  |9 266637 
650 0 |a Epoca colonial   |9 352022 
651 7 |a EL TOCUYO  |2 CL-VaPUC  |9 420721 
651 0 |a Venezuela  |9 254993 
583 |a last modification  |c 20160817 04:27:17  |k Rodrigo Vera 
490 0 |a Biblioteca de la Academia Nacional de la Historia, 232-233 
999 |c 276709  |d 276707 
952 |0 0  |1 0  |4 0  |6 987_250000000000000_AVE_1997  |7 0  |8 A  |9 314127  |a BIBHIS  |b BIBHIS  |d 2019-11-20  |h v.1  |i 3474488  |o 987.25 AVE 1997  |p 3474488  |r 2025-01-20  |w 2019-11-20  |y BK  |k HIS 
952 |0 0  |1 0  |4 0  |6 987_250000000000000_AVE_1997  |7 0  |8 A  |9 314128  |a BIBHIS  |b BIBHIS  |d 2019-11-20  |h v.2  |i 3474496  |o 987.25 AVE 1997  |p 3474496  |r 2025-01-20  |w 2019-11-20  |y BK  |k HIS